[Event "RSA-ch U16 Girls"]
[Site "Gauteng"]
[Date "2017.04.09"]
[Round "8"]
[White "Moodliar, Senayah"]
[Black "Montgomery, Elizabeth"]
[Result "1-0"]
[WhiteElo "1034"]
[BlackElo "1077"]
[PlyCount "73"]
[EventDate "2017.04.05"]
[EventType "swiss"]
[EventRounds "11"]
[EventCountry "RSA"]
[SourceTitle "CBM 177 Extra"]
[Source "ChessBase"]
[SourceDate "2017.04.27"]
[SourceVersion "1"]
[SourceVersionDate "2017.04.27"]
[SourceQuality "1"]

1. e4 c5 2. Nf3 d6 3. d4 cxd4 4. Nxd4 Nf6 5. Nc3 a6 6. Qe2 b5 7. Be3 Bb7 8. f3 e6 9. 0-0-0 Be7 10. g4 0-0 11. g5 Nh5 12. f4 g6 13. Bg2 Nd7 14. Bf3 e5 15. fxe5 dxe5 16. Nb3 Bxg5 17. Kb1 Bxe3 18. Qxe3 Nf4 19. Nc5 Bc6 20. Nxd7 Bxd7 21. Bg4 Ne6 22. h4 Nd4 23. Bxd7 Qxd7 24. h5 Ra7 25. Nd5 Qe6 26. Rhf1 f5 27. Nb4 Raf7 28. c3 f4 29. Qf2 Nc6 30. Nxc6 Qxc6 31. Rd5 Qf6 32. Rh1 Rd8 33. b3 f3 34. Kb2 g5 35. Rg1 h6 36. Rg3 Rff8 37. a3 1-0

[Event "RSA-ch U16 Girls"]
[Site "Gauteng"]
[Date "2017.04.08"]
[Round "6"]
[White "Montgomery, Elizabeth"]
[Black "Strumpfer, Marilee"]
[Result "0-1"]
[WhiteElo "1077"]
[BlackElo "825"]
[PlyCount "32"]
[EventDate "2017.04.05"]
[EventType "swiss"]
[EventRounds "11"]
[EventCountry "RSA"]
[SourceTitle "CBM 177 Extra"]
[Source "ChessBase"]
[SourceDate "2017.04.27"]
[SourceVersion "1"]
[SourceVersionDate "2017.04.27"]
[SourceQuality "1"]

1. e4 e6 2. d4 d5 3. exd5 exd5 4. Bd3 Be7 5. c3 c5 6. Nf3 h6 7. 0-0 Nf6 8. Bf4 Nc6 9. Nbd2 0-0 10. Re1 Bd6 11. Bxd6 Qxd6 12. Ne5 cxd4 13. Nxc6 bxc6 14. cxd4 Bg4 15. Nf3 Qf4 16. g3 Qxf3 0-1

[Event "RSA-ch U14 Girls"]
[Site "Bloemfontein"]
[Date "2016.03.26"]
[Round "11"]
[White "Montgomery, Elizabeth"]
[Black "Moffat, Mathabo"]
[Result "1-0"]
[WhiteElo "903"]
[BlackElo "1291"]
[PlyCount "97"]
[EventDate "2016.03.20"]
[EventType "swiss"]
[EventRounds "11"]
[EventCountry "RSA"]
[SourceTitle "CBM 171 Extra"]
[Source "ChessBase"]
[SourceDate "2016.04.26"]
[SourceVersion "1"]
[SourceVersionDate "2016.04.26"]
[SourceQuality "1"]

1. e4 e5 2. Nf3 Nc6 3. Bc4 Bc5 4. c3 h6 5. d4 Bd6 6. 0-0 Nf6 7. Re1 0-0 8. b4 a6 9. a4 Nh7 10. Be3 Qf6 11. Qd2 exd4 12. Nxd4 Nxd4 13. Bxd4 Qf4 14. Qxf4 Bxf4 15. g3 Bd6 16. Nd2 Be7 17. e5 d6 18. e6 Ng5 19. exf7+ Nxf7 20. Rxe7 c6 21. Rae1 b5 22. axb5 axb5 23. Bd3 Bh3 24. c4 bxc4 25. Bxc4 d5 26. Bb3 Rab8 27. Bc5 Rfd8 28. f4 Bd7 29. Nf3 Ra8 30. Bd4 Rab8 31. Bc5 Ra8 32. Bd4 Rab8 33. Bc3 Ra8 34. Ne5 Be8 35. Nxf7 Bxf7 36. h4 Re8 37. g4 Kf8 38. Rxe8+ Rxe8 39. Rxe8+ Bxe8 40. g5 hxg5 41. hxg5 Kf7 42. b5 cxb5 43. Bxd5+ Kg6 44. Be4+ Kf7 45. f5 Bd7 46. Bd5+ Kf8 47. f6 gxf6 48. gxf6 Be8 49. Bb4# 1-0